000 00216nam a22000857a 4500
008 160624b xxu||||| |||| 00| 0 eng d
100 _91062
_aWhitaey, P.A
245 _aThe Moonflower
260 _aGreenwich
_b Faweett Pub
_c1972
999 _c849
_d849